Sociology : (Record no. 867)

000 -LEADER
fixed length control field 01139cam a2200313 a 4500
003 - CONTROL NUMBER IDENTIFIER
control field OSt
005 - DATE AND TIME OF LATEST TRANSACTION
control field 20210621105912.0
008 - FIXED-LENGTH DATA ELEMENTS--GENERAL INFORMATION
fixed length control field 100329s2011 caua b 001 0 eng
020 ## - INTERNATIONAL STANDARD BOOK NUMBER
International Standard Book Number 9781412980081 (pbk.)
020 ## - INTERNATIONAL STANDARD BOOK NUMBER
International Standard Book Number 1412980089 (pbk.)
040 ## - CATALOGING SOURCE
Transcribing agency DLC
042 ## - AUTHENTICATION CODE
Authentication code pcc
050 00 - LIBRARY OF CONGRESS CALL NUMBER
Classification number HM585
Item number .N485 2011
100 1# - MAIN ENTRY--PERSONAL NAME
Personal name Newman, David M.,
Dates associated with a name 1958-
245 10 - TITLE STATEMENT
Title Sociology :
Remainder of title exploring the architecture of everyday life, brief edition /
Statement of responsibility, etc. David M. Newman.
250 ## - EDITION STATEMENT
Edition statement 2nd ed.
260 ## - PUBLICATION, DISTRIBUTION, ETC.
Place of publication, distribution, etc. Thousand Oaks, Calif. :
Name of publisher, distributor, etc. Pine Forge Press,
Date of publication, distribution, etc. c2011.
300 ## - PHYSICAL DESCRIPTION
Extent xxi, 286 p. :
Other physical details ill. ;
Dimensions 26 cm.
504 ## - BIBLIOGRAPHY, ETC. NOTE
Bibliography, etc. note Includes bibliographical references (p. 241-276) and index.
650 #0 - SUBJECT ADDED ENTRY--TOPICAL TERM
Topical term or geographic name entry element Sociology.
906 ## - LOCAL DATA ELEMENT F, LDF (RLIN)
a 7
b cbc
c orignew
d 1
e ecip
f 20
g y-gencatlg
942 ## - ADDED ENTRY ELEMENTS (KOHA)
Source of classification or shelving scheme
Koha item type Book
Suppress in OPAC DO
Holdings
Withdrawn status Lost status Source of classification or shelving scheme Damaged status Not for loan Permanent Location Current Location Shelving location Date acquired Total Checkouts Full call number Barcode Date last seen Copy number Price effective from Koha item type Public note
          AU LIBRARY AU LIBRARY Open Shelf 21.06.2021   HM585 .N485 2011 C1 28001257 21.06.2021 1 21.06.2021 Book DO
          AU LIBRARY AU LIBRARY Open Shelf 21.06.2021   HM585 .N485 2011 C2 28000265 21.06.2021 2 21.06.2021 Book DO

Powered by Koha